000
00254nam a22001217a 4500
041
_a
ENG
100
_a
White.J.B
245
_a
Wastewater Engineering
260
_a
Delhi
_b
Federal PUB
_c
1978
300
_a
318
650
_a
APE
856
_u
APE ( 02 )
999
_c
1642
_d
1642